000 00761nam a2200217 a 4500
001 1912592
003 AM-YEHGA
005 20250617164707.0
008 230710s2019 ai c|||gr|||||||||1|arm|d
020 _a9789939882444
040 _aAM-YeHGA
041 1 _aarm
_heng
100 1 _aՕքեմվա, Քրիսթոֆըր
245 1 0 _aՊիետա =
_bThe Pieta /
_cՔրիսթոֆըր Օքեմվա ; Թարգմ.՝ Հերմինե Նավասարդյան.
260 _aԵրևան :
_b«Լուսակն»,
_c2019.
300 _a76 էջ :
_bդիմանկ.
650 1 5 _aԱֆրիկյան գրականություն
_xԲանաստեղծություններ
700 1 _aՆավասարդյան, Հերմինե
_eթարգմ.
_4edt
942 _2udc
_cBK
090 _c566304
999 _c528127
_d528127